Nové trendy v účtovníctve na Slovensku: digitalizácia, DPH a udržateľnosť
Príspevok analyzuje kľúčové legislatívne a technologické zmeny v účtovníctve Slovenskej republiky účinné od roku 2025. Pozornosť sa sústreďuje na zvýšenie základnej sadzby dane z pridanej hodnoty, digitalizáciu účtovníctva a postupné zavádzanie ESG reportingu.
Enregistré dans:
| Auteur principal: | |
|---|---|
| Autres auteurs: | |
| Format: | Chapitre de livre |
| Langue: | slovaque |
| Sujets: | |
| Tags: |
Pas de tags, Soyez le premier à ajouter un tag!
|
MARC
| LEADER | 00000naa$a2200000$$$4500 | ||
|---|---|---|---|
| 001 | 0314032 | ||
| 005 | 20260119085122.1 | ||
| 041 | 0 | |a slo | |
| 044 | |a SK | ||
| 245 | 1 | 0 | |a Nové trendy v účtovníctve na Slovensku: digitalizácia, DPH a udržateľnosť |c Zuzana Kudlová, Marián Brontvaj |
| 520 | |a Príspevok analyzuje kľúčové legislatívne a technologické zmeny v účtovníctve Slovenskej republiky účinné od roku 2025. Pozornosť sa sústreďuje na zvýšenie základnej sadzby dane z pridanej hodnoty, digitalizáciu účtovníctva a postupné zavádzanie ESG reportingu. | ||
| 610 | 2 | 0 | |a ESG |
| 610 | 2 | 0 | |a digitalizácia |
| 610 | 2 | 0 | |a dane z hodnoty pridanej |
| 610 | 2 | 0 | |a účtovníctvo |
| 610 | 2 | 0 | |a udržateľnosť |
| 100 | 1 | |a Kudlová, Zuzana, 1986- | |
| 700 | 1 | |a Brontvaj, Marián, 1974- | |